| 000 | 00923cam a2200253 4500 | ||
|---|---|---|---|
| 008 | 000000n2000 000 0 eng u | ||
| 020 | _a0582320291 | ||
| 035 | _a(Sirsi) u106410 | ||
| 050 | _a658.404 | ||
| 100 | _aColes, E.J. | ||
| 245 | _aPlanning and monitoring of design work. | ||
| 260 |
_aHarlow _bLongman _c2000 |
||
| 300 | _axii,194p. ; 24cm. | ||
| 350 | _a45.00 | ||
| 520 | _aA practical guide describing how to plan and control the progress of design work, including how to integrate the input of a number of design specialists, in order to meet cost, time and quality objectives. Co-published with the Chartered Institute of Building | ||
| 650 | _aBUILT ENVIRONMENT-CONSTRUCTION DESIGN | ||
| 650 | _aDESIGN WORK | ||
| 650 | _aPROCESS CONTROL | ||
| 650 | _aDESIGN AND BUILD | ||
| 650 | _aCONSTRUCTION INDUSTRY | ||
| 690 |
_aProject management _96261 |
||
| 700 | _aBarritt, C.M.H. | ||
| 942 | _n0 | ||
| 999 |
_c100552 _d100552 |
||